| 000 | 00738nam a2200265Ia 4500 | ||
|---|---|---|---|
| 003 | OSt | ||
| 005 | 20221006145130.0 | ||
| 006 | a|||||r|||| 00| 0 | ||
| 007 | ta | ||
| 008 | 221006b |||||||| |||| 00| 0 eng d | ||
| 020 |
_c _7.95 |
||
| 024 | _a13,875 | ||
| 037 | _cTextual | ||
| 040 |
_aEASL _cEASL _beng |
||
| 041 |
_2eng _aeng |
||
| 082 | _aV41:1973.N67, L0 | ||
| 100 | _aBARNETT A Doak Ed. | ||
| 245 | 0 |
_aUnited States and China _b The next decade |
|
| 260 |
_aNew York _bPraeger Pub. _c1970 |
||
| 300 |
_a250p. _ccm. |
||
| 490 | _v CEL | ||
| 700 |
_a Reischauer Edwin O Ed. _9653570 |
||
| 942 |
_hV41:1973.N67, L0 _cTEXL _2CC |
||
| 999 |
_c1081961 _d1081961 |
||